000
00273 a2200097 4500
001
59269
100
_a
245
_a
Boy who cried wolf;a read aloud play ( 6 copies set with teachers notes and a poster )
260
_a
Australia
_b
McGraw--Hill
_c
2005
090
_c
36308
_d
36308
942
_a
NUST-CAE
_c
_c
29234
999
_c
294342
_d
294342